000
00304nam a22001337a 4500
008
170330b xxu||||| |||| 00| 0 eng d
020
_a
9780721605494
041
_a
eng
080
_2
18 ED
_a
616-053.2
100
_a
8
101
_a
SHM
245
_a
CUURENT PEDIATRIC THERAPY
_c
BURG.F.D
942
_2
udc
_c
BK
999
_c
9112
_d
9112